| 000 | 01005nas a2200325 4500 | ||
|---|---|---|---|
| 001 | BR2011007207 | ||
| 003 | BR-BrBNA | ||
| 005 | 20231205115736.0 | ||
| 007 | ta | ||
| 008 | 230509b bl.|||p| |||| 00| 00por d | ||
| 040 |
_aBR-BrBNA _bpor _cBiblioteca Nacional de Agricultura |
||
| 041 | _a(Pt) | ||
| 072 | _aL70 | ||
| 100 | 1 | _aRozza, M.R. | |
| 100 | 1 | _aMelo, D.P. | |
| 100 | 1 | _aSilva, L.A.F. | |
| 100 | 1 | _aBarrivieira, M. | |
| 100 | 1 | _aJanuário, A.L. | |
| 100 | 1 | _aFkioravanti, M.C.S. | |
| 245 | 1 | _aImplantes dentários na reabilitação oral em cães | |
| 246 | 1 | _aDental implants in oral rehabilitation in dogs | |
| 650 | _aCÃO | ||
| 650 | _aDENTE | ||
| 650 | _aBOCA | ||
| 650 | _aTRATAMENTO | ||
| 650 | _aVETERINÁRIA | ||
| 773 | 0 |
_tMEDVEP. Revista Científica de Medicina Veterinária. Pequenos Animais e Animais de Estimação (Brazil) _xISSN 1678-1430 _g(Oct-Dec 2009), v. 7(23) p. 592-596 _wBR2011007207 |
|
| 909 |
_a202311 _bLúcia _c55 _dLúcia Elande |
||
| 942 |
_2AGRIS _n0 _cANA |
||
| 999 |
_c215477 _d215477 |
||